000 00714cab a2200241 4500
001 X22
008 090401t1991 xxu||||| |||| 00| 0 eng d
035 _a(Sirsi) u44577
041 _aeng
245 _aWarwick DC and Youell Homes for the Aged Association Ltd (The Youell Foundation Ltd)
260 _c1991
350 _a0
490 _aPlanning Appeal Decisions
_v(1991) 6 PAD 473
520 _aInquiry 26-28 February 1991. Decision letter 2 May 1991.
650 _aOUTLINE PLANNING PERMISSION
650 _aPLANNING APPEAL
650 _aRETIREMENT HOME
650 _aSALVATION ARMY
650 _aSHELTERED ACCOMMODATION
690 _aPLANNING LAW AND PRACTICE
942 _n0
948 _c04/03/1997
999 _c28329
_d28329